[Event "POR-ch U20"]
[Site "Torres Vedras"]
[Date "2012.03.27"]
[Round "4.3"]
[White "Esteves, Joao Carlos Goncalv"]
[Black "Silva, Miguel Antonio Neto"]
[Result "0-1"]
[WhiteElo "1586"]
[BlackElo "1992"]
[PlyCount "58"]
[EventDate "2012.03.25"]
[EventType "swiss"]
[EventRounds "7"]
[EventCountry "POR"]
[SourceTitle "EXT 2015"]
[Source "ChessBase"]
[SourceDate "2014.11.20"]
[SourceVersion "1"]
[SourceVersionDate "2014.11.20"]
[SourceQuality "1"]

1. e4 c5 2. c3 d5 3. exd5 Qxd5 4. Nf3 Nc6 5. Na3 Bf5 6. Bc4 Qd7 7. d4 e6 8. Be3 cxd4 9. Nxd4 Nxd4 10. Qxd4 Qxd4 11. Bxd4 a6 12. Bb3 Nf6 13. Nc2 Be7 14. 0-0 0-0 15. Ne3 Be4 16. Rfe1 Bc6 17. Nf5 Bd8 18. Ng3 a5 19. Bc2 Bc7 20. Ne4 Nd5 21. g3 e5 22. Bc5 Rfd8 23. Rad1 b6 24. Be3 Nxe3 25. fxe3 b5 26. Rf1 Bb6 27. Rde1 h6 28. Re2 Bd5 29. a3 Bc4 0-1